Nachhaltigkeit in den Kapitalanlagen von Versicherungen
Gespeichert in:
| 1. Verfasser: | |
|---|---|
| Weitere Verfasser: | , , |
| Format: | Buch |
| Sprache: | Deutsch |
| Veröffentlicht: |
Bratislava
Wolters Kluwer
2016
|
| Ausgabe: | 1. Aufl. |
| Schriftenreihe: | Ekonómia
|
| Schlagworte: | |
| Tags: |
Keine Tags, Fügen Sie das erste Tag hinzu!
|
MARC
| LEADER | 00000nam a2200000 4500 | ||
|---|---|---|---|
| 001 | 0213662 | ||
| 005 | 20240502073551.8 | ||
| 020 | |a 978-80-8168-344-2 | ||
| 041 | 0 | |a ger | |
| 044 | |a SK | ||
| 245 | 1 | 0 | |a Nachhaltigkeit in den Kapitalanlagen von Versicherungen |c Sebastian Flick - Peter Markovič ; Gutachter: Miroslav Majtán, Zuzana Juhászová |
| 250 | |a 1. Aufl. | ||
| 264 | 1 | |a Bratislava |b Wolters Kluwer |c 2016 | |
| 300 | |a 181 s. [12,37 AH] | ||
| 490 | 1 | |a Ekonómia | |
| 830 | 0 | |a Ekonómia | |
| 610 | 2 | 0 | |a poistenie |
| 610 | 2 | 0 | |a kapitál |
| 610 | 2 | 0 | |a investície kapitálové |
| 100 | 1 | |a Flick, Sebastian, 1987- | |
| 700 | 1 | |a Markovič, Peter, 1974- | |
| 700 | 1 | |a Majtán, Miroslav | |
| 700 | 1 | |a Juhászová, Zuzana, 1970- | |